Estadísticas para Los 20 países que comen menos carne

Haz click aquí para intentar la prueba.

Estadísticas generales

  • Esta prueba ha sido intentada 68 veces
  • La puntuación promedio es 11 de 20

Estadísticas de respuestas

Kg/Pers.HintPais% Correcto
4.4AsiaIndia
84%
9.9AsiaNepal
69%
8.5ÁfricaEtiopía
66%
3AsiaBután
63%
8.8ÁfricaNigeria
61%
11ÁfricaUganda
61%
6.5ÁfricaRuanda
59%
4AsiaBangladés
58%
8.6ÁfricaGuinea
55%
5.2ÁfricaBurundi
53%
7.8ÁfricaMozambique
53%
8.3ÁfricaMalaui
52%
6.3AsiaSri Lanka
52%
11.6AsiaIndonesia
50%
10.4ÁfricaLiberia
50%
9.6ÁfricaTanzania
50%
7.3ÁfricaSierra Leona
48%
7.7ÁfricaEritrea
45%
11.7ÁfricaTogo
45%
8.1ÁfricaGambia
42%

Distribución de puntuación

Porcentaje por número respondido

Porcentaje de gente con cada puntuación

Historial de tus puntuaciones

No has intentado esta prueba.